<?xml version="1.0" encoding="UTF-8"?>
<record
    xmlns:xsi="http://www.w3.org/2001/XMLSchema-instance"
    xsi:schemaLocation="http://www.loc.gov/MARC21/slim http://www.loc.gov/standards/marcxml/schema/MARC21slim.xsd"
    xmlns="http://www.loc.gov/MARC21/slim">

  <leader>01198nam a2200241 a 4500</leader>
  <controlfield tag="001">DLC000045452</controlfield>
  <controlfield tag="005">20240524070830.0</controlfield>
  <controlfield tag="008">220107b2021    vm                  vie d</controlfield>
  <datafield tag="020" ind1=" " ind2=" ">
    <subfield code="a">9786043351118</subfield>
  </datafield>
  <datafield tag="040" ind1=" " ind2=" ">
    <subfield code="a">DLC</subfield>
    <subfield code="b">vie</subfield>
    <subfield code="c">DLC</subfield>
    <subfield code="e">AACR2</subfield>
  </datafield>
  <datafield tag="041" ind1="1" ind2=" ">
    <subfield code="a">vie</subfield>
    <subfield code="h">eng</subfield>
  </datafield>
  <datafield tag="082" ind1="0" ind2="4">
    <subfield code="a">204.4</subfield>
    <subfield code="b">T651</subfield>
  </datafield>
  <datafield tag="100" ind1="1" ind2=" ">
    <subfield code="a">Tolle, Eckhart</subfield>
  </datafield>
  <datafield tag="245" ind1="1" ind2="0">
    <subfield code="a">Tr&#x1EA3;i nghi&#x1EC7;m s&#x1EE9;c m&#x1EA1;nh hi&#x1EC7;n t&#x1EA1;i</subfield>
    <subfield code="c">/ Eckhart Tolle ; Minh G&#x1EA5;m d&#x1ECB;ch </subfield>
  </datafield>
  <datafield tag="246" ind1="1" ind2="1">
    <subfield code="a">Practicing the power of now </subfield>
  </datafield>
  <datafield tag="260" ind1=" " ind2=" ">
    <subfield code="a">Tp. H&#x1ED3; Ch&#xED; Minh</subfield>
    <subfield code="b">: T&#x1ED5;ng h&#x1EE3;p Tp. H&#x1ED3; Ch&#xED; Minh</subfield>
    <subfield code="c">, 2021</subfield>
  </datafield>
  <datafield tag="300" ind1=" " ind2=" ">
    <subfield code="a">238 tr.</subfield>
    <subfield code="c">; 17 cm</subfield>
  </datafield>
  <datafield tag="520" ind1=" " ind2=" ">
    <subfield code="a">&#x110;&#x1B0;a ra nh&#x1EEF;ng b&#xE0;i h&#x1ECD;c, l&#x1EDD;i khuy&#xEA;n cho nh&#x1EEF;ng ai &#x111;ang g&#x1EB7;p kh&#xF3; kh&#x103;n trong cu&#x1ED9;c s&#x1ED1;ng, t&#xEC;m ki&#x1EBF;m s&#x1EF1; &#x111;&#x1ED3;ng c&#x1EA3;m, &#x111;i t&#xEC;m nh&#x1EEF;ng ch&#x1EC9; d&#x1EAB;n &#x111;&#x1EC3; &#x111;&#x1B0;&#x1EE3;c h&#x1EA1;nh ph&#xFA;c v&#xE0; th&#x1EA5;u hi&#x1EC3;u b&#x1EA3;n ch&#x1EA5;t ch&#xE2;n th&#x1EF1;c c&#x1EE7;a ch&#xED;nh m&#xEC;nh nh&#x1B0;: vi&#x1EC7;c t&#x1EAD;p quan s&#xE1;t nh&#x1EEF;ng lu&#x1ED3;ng suy ngh&#x129;, h&#xF3;a gi&#x1EA3;i nh&#x1EEF;ng &#x111;&#x1ED1;i ngh&#x1ECB;ch trong t&#xE2;m tr&#xED;, h&#x1ECD;c c&#xE1;ch ch&#x1EA5;p nh&#x1EAD;n nh&#x1EEF;ng bi&#x1EBF;n c&#x1ED1;, xem m&#x1ED1;i quan h&#x1EC7; nh&#x1B0; m&#x1ED9;t c&#xE1;ch &#x111;&#x1EC3; r&#xE8;n luy&#x1EC7;n kh&#x1EA3; n&#x103;ng t&#xE2;m linh ... </subfield>
  </datafield>
  <datafield tag="653" ind1="0" ind2="4">
    <subfield code="a">&#x110;&#x1EDD;i s&#x1ED1;ng t&#xE2;m linh</subfield>
  </datafield>
  <datafield tag="653" ind1="0" ind2="4">
    <subfield code="a">Spiritual life</subfield>
  </datafield>
  <datafield tag="700" ind1="0" ind2=" ">
    <subfield code="a">Minh G&#x1EA5;m</subfield>
    <subfield code="e">: D&#x1ECB;ch</subfield>
  </datafield>
  <datafield tag="942" ind1=" " ind2=" ">
    <subfield code="2">ddc</subfield>
    <subfield code="c">BK</subfield>
  </datafield>
  <datafield tag="952" ind1=" " ind2=" ">
    <subfield code="0">0</subfield>
    <subfield code="1">0</subfield>
    <subfield code="2">ddc</subfield>
    <subfield code="4">0</subfield>
    <subfield code="7">0</subfield>
    <subfield code="a">CPL</subfield>
    <subfield code="b">CPL</subfield>
    <subfield code="d">2024-05-09</subfield>
    <subfield code="l">0</subfield>
    <subfield code="o">204.4 T651</subfield>
    <subfield code="p">DL00000003</subfield>
    <subfield code="r">2024-05-09 03:04:39</subfield>
    <subfield code="t">1</subfield>
    <subfield code="w">2024-05-09</subfield>
    <subfield code="y">BK</subfield>
  </datafield>
  <datafield tag="999" ind1=" " ind2=" ">
    <subfield code="c">4</subfield>
    <subfield code="d">4</subfield>
  </datafield>
</record>
